| 000 | 00827nam0a22002651 4500 | ||
|---|---|---|---|
| 001 | rc\4756426 | ||
| 005 | 20250613074009.0 | ||
| 021 |
_aRU _b[60-67066] |
||
| 035 | _a(NLR Aleph) 009014007 | ||
| 090 |
_a9385919 _c9385919 |
||
| 100 | _a20130417d1960 |||y0rusy50 ca | ||
| 101 | 0 | _arus | |
| 102 | _aRU | ||
| 105 | _aa z ||||| | ||
| 200 | 1 | _aЛоба - ценная овощная культура | |
| 210 |
_aХабаровск _cКн. изд-во _d1960 |
||
| 215 |
_a16 с. _cил. _d17 |
||
| 225 | 1 | _aБиблиотечка колхозника | |
| 606 |
_aЛоба _xВозделывание _yДальний Восток СССР _2psbo |
||
| 700 | 1 |
_aЛукашук _bН.П. _gНика Павловна |
|
| 801 | 0 |
_aRU _bNLR _gpsbo |
|
| 801 | 1 |
_aRU _bELAR _2rusmarc |
|
| 852 |
_aNLR _j60-2/2281 |
||
| 942 | _cBOOK | ||
| 980 | _aNB | ||